01479nam a2200349Ia 4500001001200000003000800012006001900020007001500039008004100054010001700095020003300112020001800145040002100163035002100184050002500205082002000230100002600250245013800276260005800414300003000472504006400502533015200566650005200718650003500770650003400805651004200839651006100881655002900942710001700971856012600988999001501114ebr10269043CaPaEBRm u cr cn|||||||||991206s2000 enkab sb 001 0 eng d z 99088532  z0195136004 (acid-free paper) z9780195136005 aCaPaEBRcCaPaEBR a(OCoLC)64678749514aHD211.N2bH87 2000eb04a333.3/097472211 aHuston, Reeve,d1960-10aLand and freedomh[electronic resource] :brural society, popular protest, and party politics in antebellum New York /cReeve Huston. aOxford ;aNew York :bOxford University Press,c2000. aix, 291 p. :bill., maps. aIncludes bibliographical references (p. 231-281) and index. aElectronic reproduction.bPalo Alto, Calif. :cebrary,d2009.nAvailable via World Wide Web.nAccess may be limited to ebrary affiliated libraries. 0aAgriculturexEconomic aspectszNew York (State) 0aAntirent War, N.Y., 1839-1846. 0aLand tenurezNew York (State) 0aNew York (State)xHistoryy1775-1865. 0aNew York (State)xPolitics and governmenty19th century. 7aElectronic books.2local2 aebrary, Inc.40uhttp://site.ebrary.com/lib/rucke/Doc?id=10269043zAn electronic book accessible through the World Wide Web; click to view c8362d8362